00527nam a2200193 a 4500001001300000003000900013005001700022008004100039020001000080082001700090100001400107245008100121260004500202300000900247500003500256505001000291650001800301700001400319nice12345678IN_TiNIC20260116011918.0050524s1978 newa grp 000 0 urd  ac3.500a297.09bABB1 aAbbasi, A aMujahedin-E-Islamb Fatehane Islam Aur Namwrane Islam Ke Karnamon Ka Muraqqa aNew DelhibIdarah Matbu`at Islamiac1978 a128p aincludes index and biblioraphy2 aIndex aIslam-History1 aAbbasi, A